000 00421nam a2200169Ia 4500
008 180921t2014 xxu||||| |||| 00| 0 sin d
041 _asin
080 _aX8C32
_bMUN
100 _aMunasinghe, Rohitha
245 _aඋත්තමාචාරය
246 _aUththamaacharaya
260 _bGodage
_aColombo
_c2014
300 _a128p, 21cm
942 _cBK
999 _c9949
_d9949
003 LK-CoDNM
040 _aLK-CoDNM
_dLK-CoDNM
_eLK-CoDNM